000 00397nam a2200169Ia 4500
008 210210b1962 xxu||||| |||| 00| 0 eng d
041 _aeng
082 _a829/807
100 _aNARAYAN (R K)
245 _aMan-eater of Malgudi
260 _aLondon
_bWilliam Heinemann Ltd.
_c1962
650 _aof
650 _aMan-eater
650 _aMalgudi
690 _aEnglish Fiction
906 _a017405
999 _c137372
_d137372